| 000 | 01710nam a2200505 i 4500 | ||
|---|---|---|---|
| 001 | 6446 | ||
| 003 | KOSZ 005 | ||
| 005 | 20191004140418.0 | ||
| 008 | 970510s1993 pl a f |000 0 pol | ||
| 015 | _aPB 1994/3204 | ||
| 020 | _a8323007195 | ||
| 035 | _a991000446269705066 | ||
| 035 | _a(PL-WaBN)b10162227-48omnis_nlop | ||
| 035 | _ab10162227 | ||
| 035 | _a(OCoLC)830053068 | ||
| 035 | _a(PL)b0000001016222 | ||
| 035 | _a(EXLNZ-48OMNIS_NETWORK)9910095984105606 | ||
| 040 |
_aWA N _cWA N _dKOSZ 005/EG |
||
| 041 | _apol | ||
| 046 | _k1991 | ||
| 080 | _a34 | ||
| 080 | _a(075.8) | ||
| 100 | 1 |
_aStawecki, Tomasz _eAutor |
|
| 245 | 1 | 0 |
_aWstęp do prawoznawstwa / _cTomasz Stawecki, Piotr Winczorek. |
| 250 | _a[Wyd. 3 bez zmian]. | ||
| 260 |
_aWarszawa : _bWydawnictwa Uniwersytetu Warszawskiego, _c1993. |
||
| 300 |
_a138 s. : _berr. ; _c24 cm. |
||
| 336 |
_2rdacontent _aTekst _btxt |
||
| 337 |
_2rdamedia _aBez urządzenia pośredniczącego _bn |
||
| 338 |
_2rdacarrier _aWolumin _bnc |
||
| 380 | _aKsiążki | ||
| 380 | _aPublikacje dydaktyczne | ||
| 385 |
_mPoziom nauczania _aSzkoły wyższe |
||
| 388 | _a1901-2000 | ||
| 388 | _a1989-2000 | ||
| 521 | _aSkrypt dla studentów I roku Wydziału Prawa i Administracji Uniwersytetu Warszawskiego. | ||
| 650 | 7 |
_aTeoria prawa _2DBN |
|
| 655 | 7 |
_aPodręczniki akademickie _2DBN |
|
| 658 | _aPrawo i wymiar sprawiedliwości | ||
| 700 | 1 |
_aWinczorek, Piotr _d(1943-2015) _eAutor |
|
| 710 | 2 |
_aWydawnictwa Uniwersytetu Warszawskiego _4pbl |
|
| 856 |
_uhttp://koha.tu.koszalin.pl/cgi-bin/koha/opac-detail.pl?biblionumber=6446 _yKatalog online BPK |
||
| 942 |
_2UKD _cKS |
||
| 999 |
_c6446 _d6446 |
||